| 000 | 01187cam a22003737a 4500 | ||
|---|---|---|---|
| 003 | CHAP | ||
| 005 | 20220329142240.0 | ||
| 008 | 000327d1997 eu r 00110 eng d | ||
| 010 | _a80543 | ||
| 011 | _a81515 | ||
| 022 | _a0099-5010 | ||
| 035 | _a91987 | ||
| 040 | _cCHAP | ||
| 090 | _aFolleto 15920 | ||
| 100 | 0 | 0 |
_aBierlen, Ralph. _912652 |
| 245 | 1 | 4 |
_aThe mercosur : _brice economy _c/by Ralph Bierlen, Eric J. Wailes and Gail L. Cramer |
| 260 |
_aFayetteville, Arkansas : _bAgricultural Experiment Station, _c1997. |
||
| 300 | _a59 p. | ||
| 410 | _aArkansas Agricultural Experiment Station | ||
| 490 | 0 |
_aBulletin _v; 954 |
|
| 590 |
_aBATCH-UPD _b10 _c20130110 _lUCH01 _h0224 |
||
| 590 |
_aBATCH-UPD _b10 _c20130110 _lUCH01 _h1941 |
||
| 590 |
_aCONVERSION _b10 _c20130109 _lUCH01 _h1345 |
||
| 650 | 1 | 4 |
_aArroz _xMercadeo. _97632 |
| 650 | 1 | 4 |
_aArroz _xRendimiento. _97651 |
| 700 | 0 |
_aCramer, Gail L. _928821 |
|
| 700 | 0 |
_aWailes, Eric J. _9120807 |
|
| 810 | 0 | 0 |
_aArkansas Agricultural Experiment Station _97153 |
| 830 | 0 |
_aBulletin _v; 954 _916039 |
|
| 901 | _aBK | ||
| 905 | _aLilia Sánchez G. | ||
| 942 | _cFOLL | ||
| 949 |
_aFolleto 15920 _bBC _cFOLL _d919871 _eTS1 _i91987 _sb |
||
| 999 |
_c80543 _d80543 |
||